Guess the Kanye West Song from Emojis - Statistics

General Stats
  • This quiz has been taken 16 times
  • The average score is 14 of 25
Answer Stats
Hint Answer % Correct
๐Ÿ˜ˆ๐Ÿ‘— Devil in a New Dress
100%
๐Ÿ‘ป๐Ÿ™๏ธ Ghost Town
100%
๐Ÿšซโ›ช๐ŸŒ No Church in the Wild
100%
๐Ÿš€ Spaceship
92%
๐Ÿ’ก๐Ÿ’ก๐Ÿ’ก All of the Lights
77%
๐Ÿฅ‡๐Ÿ’ฐโ›๏ธ Gold Digger
77%
๐Ÿ’” Heartless
77%
๐Ÿƒโ€โ™‚๏ธ๐Ÿ’จโžก๏ธ Runaway
77%
๐Ÿ’ชโšก Stronger
77%
โœจ๐Ÿ’ก Flashing Lights
69%
โค๏ธ๐Ÿ”’ Love Lockdown
62%
๐Ÿค–๐Ÿ‘ฎโ€โ™‚๏ธ RoboCop
62%
๐Ÿ† Champion
54%
๐ŸŒƒ๐Ÿ’ก Street Lights
54%
๐Ÿ‘‚๐Ÿ—ฃ๏ธ Heard 'Em Say
46%
๐ŸŒช๏ธ Hurricane
46%
โšก๐Ÿ‘‘ Power
46%
โœ๏ธ๐Ÿšถโ€โ™‚๏ธ Jesus Walks
38%
๐Ÿ‘น Monster
38%
๐Ÿ™โœ๏ธ Praise God
38%
๐Ÿ“‰โฌ‡๏ธ All Falls Down
31%
๐Ÿšซ๐Ÿ“…๐Ÿ— Closed on Sunday
23%
๐Ÿ‘†โ˜๏ธ Touch the Sky
23%
โ˜€๏ธ๐ŸŒ… Good Morning
8%
๐Ÿชข๐ŸŽค Through the Wire
0%
No matching quizzes found
Score Distribution
Percent of People with Each Score
Percentile by Number Answered
Your Score History
You have not taken this quiz